| 000 | 01325cam0a220037301 4500 | ||
|---|---|---|---|
| 001 | lce00102363 | ||
| 005 | 20190821145654.0 | ||
| 008 | 760223s1976 nyu b 001 0 eng | ||
| 010 | _a 76005794 //r902 | ||
| 020 | _a0471691143 | ||
| 035 | _a(Sirsi) r92512 | ||
| 035 | _a(DLC) 76005794 //r902 | ||
| 035 | _a(UPRA)lce00102363 | ||
| 040 |
_aDLC _cDLC _dDLC _dOCoLC _dUPRA |
||
| 043 | _an-us--- | ||
| 050 | 0 | 0 |
_aHV5822.H4 _bP55 |
| 060 | _aWM288 P719h | ||
| 082 | 0 | 0 | _a362.2/93 |
| 100 | 1 |
_aPlatt, Jerome J. _6A51395.1 |
|
| 245 | 1 | 0 |
_aHeroin addiction : _btheory, research, and treatment / _cJerome J. Platt and Christina Labate. |
| 260 |
_aNew York : _bWiley, _cc1976. |
||
| 440 | 0 |
_aWiley series on personality processes _6S6183.1 |
|
| 500 | _a"A Wiley-Interscience publication." | ||
| 500 | _aIncludes indexes. | ||
| 504 | _aBibliography: p. 340-398. | ||
| 650 | 0 |
_aHeroin habit. _6S40314.1 |
|
| 650 | 0 |
_aHeroin habit -- Treatment. _xHeroin habit -- Treatment. _6S40315.1 |
|
| 650 | 0 |
_aNarcotic laws -- United States. _zNarcotic laws -- United States. _6S40316.1 |
|
| 650 | 2 |
_aHeroin addiction. _6S40317.1 |
|
| 700 | 1 |
_aLabate, Christina. _6A51396.1 |
|
| 949 |
_aHV5822.H4 _wlcc _i-130152 _mMAIN _tBOOK _lON-SHELF |
||
| 004 | 92512 | ||
| 987 |
_aImage : unreadable? _bbottom of card on both sides was dark. |
||
| 999 |
_c119200 _d119200 |
||